000 00882nam a2200229Ii 4500
003 JO-AjNU
008 230605s9999||||xx |||||||||||||| ||und||
017 _a2007/2/418
020 _a9957-16-315-0
040 _aJO-AjNU
_bara
_erda
_cJO-AjNU
041 _aara
050 1 4 _ak7340.k56.2009
100 3 _a الكيلاني، محمود ,
_eauthor
_946044
245 0 0 _aالموسوعة التجارية والمصرفية : الأوراق التجارية " دراسة مقارنة " ، المجلد الثالث
250 _aط1
264 3 1 _aعمان : دار الثقافة ، 2009
300 _aمج3، 352ص
_bيشتمل على المراجع الببلوغرافية ص ( 351 - 352 )
336 _atext
_btxt
_2rdacontent
337 _aunmediated
_bn
_2rdamedia
338 _avolume
_bnc
_2rdacarrier
650 4 _aالبنوك -- القانون التجاري
_946045
999 _aA20003
_c23571
_d23571